| 000 -ლიდერი |
| ფიქსირებული სიგრძის საკონტროლო ველი |
01442nam a2200289Ia 4500 |
| 001 - საკონტროლო ნომერი |
| საკონტროლო ველი |
23009 |
| 003 - საკონტროლო ნომრის იდენტიფიკატორი |
| საკონტროლო ველი |
GE_BSU |
| 005 - ბოლო ოპერაციის თარიღი და დრო |
| საკონტროლო ველი |
20250910205000.0 |
| 008 - ფიქსირებული სიგრძის მონაცემთა ელემენტები - ზოგადი ინფორმაცია |
| ფიქსირებული სიგრძის საკონტროლო ველი |
181216s2018||||ge |||||||||||||| ||geo|| |
| 020 ## - წიგნის საერთაშორისო სტანდარტული ნომერი |
| International Standard Book Number |
9789941959745 |
| 040 ## - კატალოგიზაციის წყარო |
| Transcribing agency |
GE_BSU |
| 041 ## - ენის კოდი |
| Language code of text/sound track or separate title |
geo |
| 080 ## - უნივერსალური ათობითი კლასიფიკაციის ინდექსი |
| Universal Decimal Classification number |
399.188.49(042.4) : 656 ს-12 |
| 245 ## - ცნობა სათაურის შესახებ |
| Title |
საერთაშორისო ლოგისტიკა (ლოჯისტიკა) : |
| Remainder of title |
ლექციების კურსი / |
| Statement of responsibility, etc |
შემდგ. ქ. გოლეთიანი, ბ. გეჩბაია, ნ. ჭილაია ; რედ. : პ. ხვედელიძე. |
| 250 ## - გამოცემის ცნობა |
| Edition statement |
ბათუმის ნავიგაციის სასწავლო უნივერსიტეტი |
| 264 ## - წარმოების, გამოცემის, დისტრიბუციის და სხვა ცნობები |
| გამოცემის, წარმოების, დისტრიბუციის... ადგილი |
თბილისი : |
| გამოცემის, წარმოების, დისტრიბუციის... სახელწოდება |
კალმოსანი, |
| გამოცემის, წარმოების, დისტრიბუციის... თარიღი |
2018. |
| 300 ## - ფიზიკური აღწერა |
| Extent |
327გვ. ; |
| Dimensions |
22 სმ. |
| 504 ## - BIBLIOGRAPHY, ETC. NOTE |
| Bibliography, etc |
ბიბლ. გვ. 326-327 |
| 653 ## - INDEX TERM--UNCONTROLLED |
| Uncontrolled term |
ეკონომიკა |
| 653 ## - INDEX TERM--UNCONTROLLED |
| Uncontrolled term |
საერთაშორისო ლოგისტიკა(ლოჯისტიკა) |
| 700 ## - ADDED ENTRY--PERSONAL NAME |
| Personal name |
გოლეთიანი, ქ. |
| Relator term |
შემდგენელი |
| 9 (RLIN) |
25793 |
| 700 ## - ADDED ENTRY--PERSONAL NAME |
| Personal name |
გეჩბაია, ბ. |
| Relator term |
შემდგენელი |
| 9 (RLIN) |
10764 |
| 700 ## - ADDED ENTRY--PERSONAL NAME |
| Personal name |
ჭილაია, ნ. |
| Relator term |
შემდგენელი |
| 9 (RLIN) |
25794 |
| 700 ## - ADDED ENTRY--PERSONAL NAME |
| Personal name |
ხვედელიძე, პ. |
| Relator term |
რედაქტორი |
| 9 (RLIN) |
25795 |
| 942 ## - ADDED ENTRY ELEMENTS (KOHA) |
| Koha item type |
წიგნი |
| Source of classification or shelving scheme |
|